MBA cơ bản
Nội dung cuốn sách trình bày những tri thức căn bản về tài chính, kinh tế, sản xuất và marketing mà bất cứ nhà nhà quản trị kinh doanh nào cũng phải nắm vững
Gorde:
| Egile nagusia: | |
|---|---|
| Formatua: | Liburua |
| Hizkuntza: | Undetermined |
| Argitaratua: |
Hà Nội
Lao động - Xã hội
2009
|
| Gaiak: | |
| Etiketak: |
Etiketa erantsi
Etiketarik gabe, Izan zaitez lehena erregistro honi etiketa jartzen!
|
| Thư viện lưu trữ: | Trung tâm Học liệu Trường Đại học Cần Thơ |
|---|
| LEADER | 00821nam a2200205Ia 4500 | ||
|---|---|---|---|
| 001 | CTU_147952 | ||
| 008 | 210402s9999 xx 000 0 und d | ||
| 020 | |c 119000 | ||
| 082 | |a 658 | ||
| 082 | |b G671 | ||
| 100 | |a Gorman, Tom | ||
| 245 | 0 | |a MBA cơ bản | |
| 245 | 0 | |c Tom Gorman ; Trần Thị Thái Hà ( dịch ) | |
| 260 | |a Hà Nội | ||
| 260 | |b Lao động - Xã hội | ||
| 260 | |c 2009 | ||
| 520 | |a Nội dung cuốn sách trình bày những tri thức căn bản về tài chính, kinh tế, sản xuất và marketing mà bất cứ nhà nhà quản trị kinh doanh nào cũng phải nắm vững | ||
| 650 | |a Industrial management,Quản trị doanh nghiệp | ||
| 904 | |i QHieu(sửa) | ||
| 980 | |a Trung tâm Học liệu Trường Đại học Cần Thơ | ||